Nový vietor pre divadlo?

Bibliographic Details
Main Author: Silbiger-Sliuková, Dana, 1953- (Author)
Format: Article
Language:Slovak
PhysicalDescription:Obr.
Subjects:

MARC

LEADER 00000nab a2200000 a 4500
001 vtls000132960
003 SK-MaSNL
005 20260304073317.0
008 250423c1982 xo 0 slo
015 |a SNBRB19rr/mm-uuuuu 
035 |a CL0143066 
035 |a urn:nbn:sk:snk-abdlhb 
035 |a (urnnbn)urn:nbn:sk:snk:ar-001mr0 
035 |a (uuid)6b9de155-3148-4389-bc40-dc19d296f8dc 
040 |a SNKBUCL  |b slo  |c SNKBUCL  |e AACR2 
041 0 |a slo 
044 |a xo  |c SK 
080 |a 792.9  |2 1981 
100 1 |a Silbiger-Sliuková, Dana,  |d 1953-  |4 aut  |9 248529 
245 1 0 |a Nový vietor pre divadlo?  |c Dana Sliuková 
300 |b Obr. 
600 1 7 |a Prokofieva, Sofia  |t Nový plášť pre vietor  |2 snkbucl  |9 1361870 
600 0 7 |a Sapgir, Genrich,  |d 1928-1999  |t Nový plášť pre vietor  |2 snkbucl  |9 120093 
610 2 7 |a Bábkové divadlo Žilina  |2 snkbucl  |9 32015 
650 0 7 |a bábkové hry  |2 snkbucl  |9 85271 
655 7 |a recenzie  |2 snkbucl  |9 21907 
655 7 |a články z novín a časopisov  |2 snkbucl  |9 267496 
773 0 |t Film a divadlo  |g Roč. 26, č. 23 (1982), s. 25 
850 |a Slovenská národná knižnica 
852 |a Slovenská národná knižnica 
954 |a odborná, vedecká literatúra pôvodná (slovenská)  |2 lita 
958 |a article19 
958 |a OND 
958 |a EUIPO 
992 |a RBX 
999 |c 2770855  |d 2772785